| 000 | 00509nam a2200181Ia 4500 | ||
|---|---|---|---|
| 001 | 23541 | ||
| 005 | 20260414150944.0 | ||
| 008 | 260414t2013||||xx |||||||||||||| ||spa|| | ||
| 041 | _aESP | ||
| 082 |
_a660.2842 _bG34E |
||
| 100 |
_aGeankoplis, Christie John _eAUT |
||
| 245 | 0 |
_aProcesos de transporte y principios de procesos de separación (incluye operaciones unitarias) _b |
|
| 260 | _c2013 | ||
| 300 |
_axiv, 1034 pƔginas : _c27 cm. |
||
| 650 | _aTCA | ||
| 654 | _aCII | ||
| 942 |
_cLIB _dJUS _fJUS _2ddc _n |
||
| 999 |
_c23541 _d23541 |
||